书目信息 |
| 题名: |
南史
|
|
| 作者: | 李延寿 撰 | |
| 分册: | 第六册 传 | |
| 出版信息: | 北京 中华书局 1975.6 |
|
| 页数: | 1659-2027页 | |
| 开本: | 20cm | |
| 丛书名: | ||
| 单 册: | ||
| 中图分类: | K239.1 | |
| 科图分类: | ||
| 主题词: | 中国--古代史--封建社会 | |
| 电子资源: | ||
| ISBN: | ||
| 000 | 00604nam0 2200217 45 | |
| 001 | 0310130962 | |
| 005 | 20061116083016.79 | |
| 010 | @dCNY1.05 | |
| 091 | @a11018.644 | |
| 100 | @a20031013d1975 km y0chiy0120 ea | |
| 101 | 0 | @achi |
| 105 | @a z 000yy | |
| 200 | 1 | @a南史@ANan Shi@h第六册@h卷六八至卷八○@i传@f(唐)李延寿撰@F(Tang)Li Yan Shou Zhuan |
| 210 | @a北京@c中华书局@d1975.6 | |
| 215 | @a1659-2027页@d20cm | |
| 517 | @a传@AChuan | |
| 606 | 0 | @a中国@x古代史@x封建社会 |
| 690 | @aK239.1@v3 | |
| 701 | 0 | @a李延寿@4撰 |
| 801 | @aCN@bTSTC@c20061116 | |
| 905 | @dK239.1@e15:6@f1@b89670@b89671@f1 | |
| 南史.第六册.卷六八至卷八○.传/(唐)李延寿撰.-北京:中华书局,1975.6 |
| 1659-2027页;20cm |
| ISBN :CNY1.05 |
| ● |
| 相关链接 |
|
|
|
|
正题名:南史
索取号:K239.1/15:6
 
预约/预借
| 序号 | 登录号 | 条形码 | 馆藏地/架位号 | 状态 | 备注 |
| 1 | 0089670 | 001282098 | 第二借阅区/ [索取号:K239.1/15:6] | 在馆 | |
| 2 | 0089671 | 001282089 | 第二借阅区/ [索取号:K239.1/15:6] | 在馆 | |
| 3 | 0103223 | 000638723 | 第二借阅区/ [索取号:K239.1/15:6] | 在馆 | |
| 4 | 0103224 | 001714595 | 密集书库/ [索取号:K239.1/15:6] | 在馆 | |
| 5 | 0159599 | 001282105 | 第二样本阅览室/ [索取号:K239.1/15:6] | 在馆 | |
| 6 | 0179803 | 000638787 | 第二借阅区/ [索取号:K239.1/15:6] | 在馆 |